LEADER 01166nas 2200397 c 450 001 9910894028403321 005 20260218112607.0 035 $a(CKB)5280000000203092 035 $a(DE-101)1130890899 035 $a(DE-599)ZDB2892878-7 035 $a(DE-599)2892878-7 035 $a(EXLCZ)995280000000203092 100 $a20170428b20172017 |y | 101 0 $ager 135 $aur||||||||||| 181 $ctxt$2rdacontent 182 $cc$2rdamedia 183 $acr$2rdacarrier 200 00$aHeimatblätter des Kreises Montjoie (Monschau)$eMitteilungen des Geschichtsvereines des Kreises Montjoie (Monschau) 210 31$aKo?ln$cUniversita?ts- und Stadtbibliothek$d2017 215 $aOnline-Ressource 300 $aGesehen am 28.04.2017 300 $aReproduktion 517 $aHeimatblätter des Kreises Montjoie 608 $aZeitschrift$2gnd-content 676 $a914.3 676 $a943 676 $a060 712 02$aKreis Monschau$4isb 801 0$b0038 801 1$bDE-101 801 2$b9001 906 $aJOURNAL 912 $a9910894028403321 996 $aHeimatbla?tter des Kreises Montjoie (Monschau)$94260501 997 $aUNINA